Shrinking Cities in North Dakota - Statistics

General Stats
  • This quiz has been taken 6 times
  • The average score is 3 of 6
Answer Stats
Population Growth Rate (%) City % Correct
6,575 -0.9 Valley City
67%
2,194 -0.7 Bottineau
50%
4,170 -2.8 Grafton
50%
2,509 -13 Rugby
50%
3,058 -2.1 Beulah
33%
2,281 -6.7 Hazen
33%
No matching quizzes found
Score Distribution
Percent of People with Each Score
Percentile by Number Answered
Your Score History
You have not taken this quiz